Manual básico : (Record no. 1481)
[ view plain ]
| 000 -LÍDER | |
|---|---|
| Campo Fixo de Controle | 00978nam a2200253 a 4500 |
| 001 - NÚMERO DE CONTROLE | |
| Campo de Controle | 1481 |
| 003 - IDENTIFICAÇÃO DO NÚMERO DE CONTROLE | |
| Campo de Controle | BR-CuiBMT |
| 005 - DATA E HORA DA ÚLTIMA ATUALIZAÇÃO | |
| Campo de Controle | 20231212151925.0 |
| 008 - DADOS FIXOS | |
| Dados Fixos | 230811s2016 spba 000 0 por d |
| 040 ## - AGÊNCIA CATALOGADORA | |
| Código da Agência Catalogadora | BR-CuiBMT |
| Agência que transcreveu o registro | BR-CuiBMT |
| 080 ## - Nº DA CLASSIFICAÇÃO DECIMAL UNIVERSAL | |
| Nº edição CDU | 2007 |
| Nº Class. CDU | 336.1:352 |
| 090 ## - NÚMERO DE CHAMADA | |
| Nº classificação | 336.1:352 |
| Cutter | S239m |
| 110 1# - ENTRADA PRINCIPAL -- ENTIDADE | |
| Nome da entidade ou lugar | São Paulo. |
| Unidade subordinada | Tribunal de Contas do Estado de São Paulo. |
| 245 10 - TÍTULO PRINCIPAL | |
| Título principal | Manual básico : |
| Subtítulo | gestão financeira de prefeituras e câmaras municipais com as regras do último ano de mandato e da legislação eleitoral / |
| Indicação de responsabilidade | Tribunal de Contas do Estado de São Paulo. |
| 260 ## - PUBLICAÇÃO, DISTRIBUIÇÃO, ETC. | |
| Local de publicação | São Paulo : |
| Editora | TCE-SP, |
| Data | 2016. |
| 300 ## - DESCRIÇÃO FÍSICA | |
| N. páginas ou volumes | 109 p. : |
| Ilustrações | il. ; |
| Dimensões | 23 cm |
| 504 ## - NOTA DE BIBLIOGRAFIA, ETC. | |
| Nota de bibliografia | Inclui bibliografia. |
| 650 ## - ASSUNTO TÓPICO | |
| Cabeçalho tópico ou nome geográfico | Orçamento municipal |
| Subdivisão geral | Gestão financeira |
| 650 ## - ASSUNTO TÓPICO | |
| Cabeçalho tópico ou nome geográfico | Despesas públicas |
| Subdivisão geral | Municípios |
| 650 ## - ASSUNTO TÓPICO | |
| Cabeçalho tópico ou nome geográfico | Gestão pública municipal |
| 650 ## - ASSUNTO TÓPICO | |
| Cabeçalho tópico ou nome geográfico | Controle orçamentário |
| Subdivisão geral | Recursos públicos municipais |
| 650 ## - ASSUNTO TÓPICO | |
| Cabeçalho tópico ou nome geográfico | Lei de responsabilidade fiscal |
| Subdivisão geral | Municípios |
| 942 ## - ELEMENTOS DE ENTRADA ADICIONAIS (KOHA) | |
| Fonte de classificação ou esquema de arquivamento | Classificação Decimal Universal |
| Tipo de item do Koha | Livros |
| Estado: removido | Estado: perdido | Fonte de classificação ou esquema de arquivamento | Estado: danificado | Indisponível para empréstimo | Localização permanente | Localização atual | Data de aquisição | Total Checkouts | Número de Chamada completo | Código de barras | Date last seen | Número do exemplar | Preço efetivo a partir de | Tipo de item (Koha) |
|---|---|---|---|---|---|---|---|---|---|---|---|---|---|---|
| Classificação Decimal Universal | Biblioteca da Escola Superior de Contas do TCE/MT | Biblioteca da Escola Superior de Contas do TCE/MT | 12/12/2023 | 336.1:352 S239m | BIBTCEMT23120385 | 12/12/2023 | Ex. 1 | 12/12/2023 | Livros |